Dublin offices-controlled growth is the order of the day (Record no. 70300)

MARC details
000 -LEADER
fixed length control field 00783cam a2200217 4500
001 - CONTROL NUMBER
control field ABS65532
008 - FIXED-LENGTH DATA ELEMENTS--GENERAL INFORMATION
fixed length control field 020521n2002 000 0 eng u
035 ## - SYSTEM CONTROL NUMBER
System control number (Sirsi) u118059
100 ## - MAIN ENTRY--PERSONAL NAME
Personal name Hunt, M
245 ## - TITLE STATEMENT
Title Dublin offices-controlled growth is the order of the day
260 ## - PUBLICATION, DISTRIBUTION, ETC.
Date of publication, distribution, etc. 2002
490 ## - SERIES STATEMENT
Series statement Property Forecast
Volume/sequential designation 5(5) May 2002, 6-7(2)
520 ## - SUMMARY, ETC.
Summary, etc. Dublin is still expected to be the fastest growing city in Europe in 2002 and 2003. Surveys the commercial porperty market in Dublin and provides a succinct forecast. Figures.
590 ## - LOCAL NOTE (RLIN)
Local note ABS
650 ## - SUBJECT ADDED ENTRY--TOPICAL TERM
Topical term or geographic name entry element DUBLIN
650 ## - SUBJECT ADDED ENTRY--TOPICAL TERM
Topical term or geographic name entry element PROPERTY-COMMERCIAL PROPERTY-OFFICE PROPERTY-OFFICE PROPERTY MARKET
650 ## - SUBJECT ADDED ENTRY--TOPICAL TERM
Topical term or geographic name entry element PRIME RENTS
650 ## - SUBJECT ADDED ENTRY--TOPICAL TERM
Topical term or geographic name entry element PROPERTY-COMMERCIAL PROPERTY
690 ## - LOCAL SUBJECT ADDED ENTRY--TOPICAL TERM (OCLC, RLIN)
Topical term or geographic name as entry element INTERNATIONAL-EUROPE
942 ## - ADDED ENTRY ELEMENTS (KOHA)
Suppress in OPAC 0
Holdings
Withdrawn status Lost status Source of classification or shelving scheme Damaged status Not for loan Home library Current library Shelving location Date acquired Total Checkouts Full call number Barcode Date last seen Copy number Price effective from Koha item type
    Dewey Decimal Classification     London London Journal article 21/05/2002   ABS65532 118059-1001 06/08/2019 1 06/08/2019 Journal article